000
00339nam a2200157Ia 4500
003
OSt
005
20240318124150.0
008
170524s9999 xx 000 0 und d
020
_a
8178800713
040
_c
IIMTU MEERUT
100
_a
Sarkar - A.K.
245
0
_a
India Tourism
260
_b
Rajat Pub.
260
_c
2003
942
_2
ddc
_c
02
999
_c
6747
_d
6747